书目信息 |
| 题名: |
档案信息组织与检索
|
|
| 作者: | 洪漪 编著 | |
| 分册: | ||
| 出版信息: | 武汉 武汉大学出版社 1998.9 |
|
| 页数: | 245页 | |
| 开本: | 20cm | |
| 丛书名: | ||
| 单 册: | ||
| 中图分类: | G272 | |
| 科图分类: | ||
| 主题词: | 档案学 , 档案工作 | |
| 电子资源: | ||
| ISBN: | 7-307-02626-0 | |
| 000 | 00566nam0 2200205 45 | |
| 001 | 8035295461 | |
| 005 | 1980010409481534 | |
| 010 | @a7-307-02626-0@dRMB 12.50 | |
| 100 | @a19800104d1998 km y0chiy0120 ea | |
| 101 | 0 | @achi |
| 102 | @aCN@b420000 | |
| 200 | 1 | @a档案信息组织与检索@ADang An Xin Xi Zu Zhi Yu Jian Suo@f洪漪编著@FHong Yi Bian Zhu |
| 210 | @a武汉@c武汉大学出版社@d1998.9 | |
| 215 | @a245页@d20cm | |
| 606 | 0 | @a档案学 |
| 606 | 0 | @a档案工作 |
| 690 | @aG272@v3 | |
| 701 | 0 | @a洪漪@AHong Yi@4编著 |
| 801 | 0 | @aCN@bPFT@c19800104 |
| 905 | @a10447@dG272@eH328 | |
| 档案信息组织与检索/洪漪编著.-武汉:武汉大学出版社,1998.9 |
| 245页;20cm |
| ISBN 7-307-02626-0:RMB 12.50 |
| ● |
| 相关链接 |
|
|
|
正题名:档案信息组织与检索
索取号:G272/H328
 
预约/预借
| 序号 | 登录号 | 条形码 | 馆藏地/架位号 | 状态 | 备注 |
| 1 | 358082 | 203580829 | 社科库409/409社科库 60排3列1层/ [索取号:G272/H328] | 在馆 | |
| 2 | 358083 | 203580838 | 社科二线422/422社科库 33排4列3层/ [索取号:G272/H328] | 在馆 | |
| 3 | 65181 | 200651810 | 社科库409/ [索取号:G272/H328] | 在馆 | |
| 4 | 65182 | 200651829 | 社科库409/409社科库 60排3列1层/ [索取号:G272/H328] | 在馆 |